[Event "Fagernes Open 2021"]
[Site "Fagernes"]
[Date "2021.10.13"]
[Round "5.10"]
[White "Myagmarsuren, Evsuld"]
[Black "Eriksen, Olai Dyrhaug"]
[Result "1-0"]
[WhiteElo "1650"]
[BlackElo "1809"]
[Annotator "NA RC"]
[PlyCount "51"]
[EventDate "2021.10.10"]
[EventCountry "NOR"]
[SourceTitle "playchess.com"]
[Source "ChessBase"]
[SourceQuality "1"]
[TimeControl "40/5400+30:1800+30"]

1. e4 {[%emt 0:00:00]} e5 {[%emt 0:00:00]} 2. Nf3 {[%emt 0:00:00]} Nc6 {[%emt 0:00:00]} 3. Bc4 {[%emt 0:00:00]} Nf6 {[%emt 0:00:00]} 4. d3 {[%emt 0:00:00]} Bc5 {[%emt 0:00:00]} 5. c3 {[%emt 0:00:00]} a6 {[%emt 0:00:00]} 6. a4 {[%emt 0:00:00]} d6 {[%emt 0:00:00]} 7. O-O {[%emt 0:00:00]} Ba7 {[%emt 0:00:00]} 8. Bg5 {[%emt 0:00:00]} h6 {[%emt 0:00:00]} 9. Bh4 {[%emt 0:00:00]} g5 {[%emt 0:00:49]} 10. Bg3 {[%emt 0:00:00]} Bg4 {[%emt 0:08:57]} 11. Nbd2 {[%emt 0:02:44]} Qd7 {[%emt 0:11:23]} 12. b4 {[%emt 0:07:25]} Ne7 {[%emt 0:04:36]} 13. Qb3 {[%emt 0:07:25]} Ng6 {[%emt 0:06:52]} 14. d4 {[%emt 0:05:45]} Bxf3 {[%emt 0:07:31]} 15. Nxf3 {[%emt 0:04:15]} g4 {[%emt 0:07:01]} 16. Nh4 {[%emt 0:08:04]} Nxh4 {[%emt 0:12:16]} 17. Bxh4 {[%emt 0:03:41]} Nxe4 {[%emt 0:00:48]} 18. dxe5 {[%emt 0:03:20]} Nd2 {[%emt 0:00:43]} 19. e6 {[%emt 0:00:51]} Qc6 {[%emt 0:00:19]} 20. exf7+ {[%emt 0:00:56]} Kf8 {[%emt 0:00:38]} 21. Qc2 {[%emt 0:01:11]} Nxc4 {[%emt 0:03:14]} 22. Bf6 {[%emt 0:12:24]} Kxf7 {[%emt 0:01:42]} 23. Qf5 {[%emt 0:02:15]} Rhe8 {[%emt 0:06:14]} 24. Bd4+ {[%emt 0:00:34]} Kg8 {[%emt 0:00:59]} 25. Qg6+ {[%emt 0:00:15]} Kf8 {[%emt 0:00:07]} 26. Qg7# {[%emt 0:00:06]} 1-0

[Event "Fagernes Open 2021"]
[Site "Fagernes"]
[Date "2021.10.13"]
[Round "5.11"]
[White "Grindbakken, Erik"]
[Black "Ostensen, Nicolai Maxime"]
[Result "0-1"]
[WhiteElo "1632"]
[BlackElo "1768"]
[Annotator "NA"]
[PlyCount "80"]
[EventDate "2021.10.10"]
[EventCountry "NOR"]
[SourceTitle "playchess.com"]
[Source "ChessBase"]
[SourceQuality "1"]
[TimeControl "40/5400+30:1800+30"]

1. e4 {[%emt 0:00:00]} c5 {[%emt 0:00:00]} 2. Nc3 {[%emt 0:00:00]} Nc6 {[%emt 0:00:00]} 3. Bb5 {[%emt 0:00:00]} g6 {[%emt 0:00:00]} 4. Nf3 {[%emt 0:00:00]} Bg7 {[%emt 0:00:00]} 5. O-O {[%emt 0:00:00]} Nf6 {[%emt 0:00:00]} 6. Re1 {[%emt 0:00:00]} O-O {[%emt 0:00:00]} 7. h3 {[%emt 0:02:31]} Ne8 {[%emt 0:03:16]} 8. g4 {[%emt 0:06:07]} Nc7 {[%emt 0:01:01]} 9. Bf1 {[%emt 0:00:24]} e6 {[%emt 0:02:19]} 10. d3 {[%emt 0:03:43]} b5 {[%emt 0:05:20]} 11. Bg5 {[%emt 0:05:59]} Qe8 {[%emt 0:01:15]} 12. Bf4 {[%emt 0:01:47]} e5 {[%emt 0:00:13]} 13. Be3 {[%emt 0:01:13]} d6 {[%emt 0:00:44]} 14. Ne2 {[%emt 0:03:02]} a5 {[%emt 0:09:11]} 15. Ng3 {[%emt 0:00:26]} Ne6 {[%emt 0:01:16]} 16. c3 {[%emt 0:01:23]} Ne7 {[%emt 0:02:29]} 17. Qd2 {[%emt 0:02:37]} Bb7 {[%emt 0:05:26]} 18. Bg2 {[%emt 0:01:53]} Rd8 {[%emt 0:06:24]} 19. Rad1 {[%emt 0:05:22]} d5 {[%emt 0:08:04]} 20. Bh6 {[%emt 0:11:48]} dxe4 {[%emt 0:06:00]} 21. Nxe4 {[%emt 0:02:25]} Nc6 {[%emt 0:04:08]} 22. g5 {[%emt 0:14:03]} Qe7 {[%emt 0:04:09]} 23. Bxg7 {[%emt 0:00:55]} Kxg7 {[%emt 0:01:49]} 24. Qe3 {[%emt 0:07:34]} a4 {[%emt 0:05:55]} 25. h4 {[%emt 0:03:31]} a3 {[%emt 0:02:01]} 26. b3 {[%emt 0:01:53]} b4 {[%emt 0:00:50]} 27. c4 {[%emt 0:02:50]} Ned4 {[%emt 0:02:33]} 28. Nxd4 {[%emt 0:02:50]} Nxd4 {[%emt 0:00:10]} 29. Rd2 {[%emt 0:02:20]} Bxe4 {[%emt 0:11:59]} 30. Qxe4 {[%emt 0:00:45]} Rfe8 {[%emt 0:01:08]} 31. f4 {[%emt 0:01:35]} Rd6 {[%emt 0:02:21]} 32. fxe5 {[%emt 0:06:02]} Re6 {[%emt 0:00:24]} 33. Qf4 {[%emt 0:03:31]} Rxe5 {[%emt 0:00:47]} 34. Be4 {[%emt 0:01:26]} Rf5 {[%emt 0:05:24]} 35. Qg3 {[%emt 0:01:43]} Nf3+ {[%emt 0:00:56]} 36. Bxf3 {[%emt 0:01:50]} Qxe1+ {[%emt 0:00:12]} 37. Qxe1 {[%emt 0:00:33]} Rxe1+ {[%emt 0:00:05]} 38. Kf2 {[%emt 0:00:11]} Rb1 {[%emt 0:00:05]} 39. Ke3 {[%emt 0:00:26]} Rb2 {[%emt 0:00:07]} 40. Bd1 {[%emt 0:01:08]} Re5+ {[%emt 0:00:12]} 0-1

[Event "Fagernes Open 2021"]
[Site "Fagernes"]
[Date "2021.10.13"]
[Round "5.12"]
[White "Lystad, Maximilian L"]
[Black "Skigelstrand, Live Jorgensen"]
[Result "0-1"]
[WhiteElo "1767"]
[BlackElo "1649"]
[Annotator "NA RC"]
[PlyCount "48"]
[EventDate "2021.10.10"]
[EventCountry "NOR"]
[SourceTitle "playchess.com"]
[Source "ChessBase"]
[SourceQuality "1"]
[TimeControl "40/5400+30:1800+30"]

1. c4 {[%emt 0:00:00]} e5 {[%emt 0:00:00]} 2. g3 {[%emt 0:00:00]} Nf6 {[%emt 0:00:00]} 3. Bg2 {[%emt 0:00:00]} c6 {[%emt 0:00:00]} 4. d4 {[%emt 0:00:00]} e4 {[%emt 0:00:00]} 5. Nc3 {[%emt 0:00:00]} d5 {[%emt 0:00:00]} 6. cxd5 {[%emt 0:00:00]} cxd5 {[%emt 0:00:00]} 7. Bg5 {[%emt 0:00:00]} Bb4 {[%emt 0:00:00]} 8. Rc1 {[%emt 0:00:00]} Nc6 {[%emt 0:00:00]} 9. Nh3 {[%emt 0:00:00]} h6 {[%emt 0:01:37]} 10. Bxf6 {[%emt 0:00:16]} Qxf6 {[%emt 0:00:23]} 11. O-O {[%emt 0:01:22]} Bxc3 {[%emt 0:06:46]} 12. bxc3 {[%emt 0:02:48]} O-O {[%emt 0:05:41]} 13. Qb3 {[%emt 0:01:43]} Rd8 {[%emt 0:01:23]} 14. Nf4 {[%emt 0:07:34]} Qd6 {[%emt 0:01:51]} 15. Rfd1 {[%emt 0:07:02]} g5 {[%emt 0:03:00]} 16. Nh3 {[%emt 0:06:35]} Na5 {[%emt 0:00:33]} 17. Qb4 {[%emt 0:09:31]} Nc4 {[%emt 0:01:42]} 18. Qxd6 {[%emt 0:12:35]} Rxd6 {[%emt 0:00:03]} 19. f4 {[%emt 0:01:31]} Bxh3 {[%emt 0:05:56]} 20. Bxh3 {[%emt 0:00:47]} g4 {[%emt 0:00:25]} 21. Bg2 {[%emt 0:00:59]} Ra6 {[%emt 0:00:40]} 22. Rc2 {[%emt 0:02:05]} Ne3 {[%emt 0:00:30]} 23. Rdd2 {[%emt 0:00:14]} Nxc2 {[%emt 0:00:09]} 24. Rxc2 {[%emt 0:00:01]} Rc8 {[%emt 0:00:16]} 0-1

[Event "Fagernes Open 2021"]
[Site "Fagernes"]
[Date "2021.10.13"]
[Round "5.14"]
[White "Haugen, Lars Tormod"]
[Black "Hellesoy, David"]
[Result "0-1"]
[WhiteElo "1756"]
[BlackElo "1500"]
[Annotator "NA RC"]
[PlyCount "118"]
[EventDate "2021.10.10"]
[EventCountry "NOR"]
[SourceTitle "playchess.com"]
[Source "ChessBase"]
[SourceQuality "1"]
[TimeControl "40/5400+30:1800+30"]

1. c4 {[%emt 0:00:00]} e5 {[%emt 0:00:00]} 2. Nc3 {[%emt 0:00:00]} Nc6 {[%emt 0:00:00]} 3. Nf3 {[%emt 0:00:00]} f5 {[%emt 0:00:00]} 4. d4 {[%emt 0:00:00]} e4 {[%emt 0:00:00]} 5. Ng5 {[%emt 0:00:00]} h6 {[%emt 0:00:00]} 6. Nh3 {[%emt 0:00:00]} g5 {[%emt 0:00:00]} 7. e3 {[%emt 0:00:00]} Nf6 {[%emt 0:00:00]} 8. Be2 {[%emt 0:03:48]} Bg7 {[%emt 0:06:17]} 9. d5 {[%emt 0:16:29]} Ne5 {[%emt 0:08:33]} 10. d6 {[%emt 0:02:24]} Nf7 {[%emt 0:07:48]} 11. c5 {[%emt 0:12:45]} cxd6 {[%emt 0:01:21]} 12. cxd6 {[%emt 0:00:47]} O-O {[%emt 0:06:33]} 13. O-O {[%emt 0:04:13]} Ne8 {[%emt 0:03:42]} 14. Bc4 {[%emt 0:10:46]} Be5 {[%emt 0:07:04]} 15. Qd5 {[%emt 0:03:39]} Qf6 {[%emt 0:09:51]} 16. Nb5 {[%emt 0:11:10]} a6 {[%emt 0:06:53]} 17. Nc7 {[%emt 0:06:46]} Nxc7 {[%emt 0:02:25]} 18. dxc7 {[%emt 0:00:02]} Bxc7 {[%emt 0:00:50]} 19. f3 {[%emt 0:06:18]} Qe5 {[%emt 0:10:31]} 20. Qxe5 {[%emt 0:00:23]} Bxe5 {[%emt 0:00:09]} 21. fxe4 {[%emt 0:00:16]} fxe4 {[%emt 0:01:50]} 22. Nf2 {[%emt 0:06:11]} Kg7 {[%emt 0:04:14]} 23. Ng4 {[%emt 0:04:09]} d5 24. Nxe5 {[%emt 0:00:30]} dxc4 25. Nxc4 {[%emt 0:00:30]} Be6 26. b3 {[%emt 0:00:30]} Rac8 27. Bb2+ {[%emt 0:00:30]} Kg8 28. Rac1 {[%emt 0:00:30]} Bxc4 29. bxc4 {[%emt 0:00:30]} Nd6 30. Rxf8+ {[%emt 0:00:30]} Kxf8 31. c5 {[%emt 0:00:30]} Nf7 32. Kf2 {[%emt 0:00:30]} Ke7 33. Rc4 {[%emt 0:00:30]} Kd7 34. Rd4+ {[%emt 0:00:30]} Kc6 35. Rxe4 {[%emt 0:00:30]} Kxc5 36. Re7 {[%emt 0:00:30]} Nd8 37. Bd4+ {[%emt 0:00:30]} Kd6 38. Rh7 {[%emt 0:00:30]} Rc2+ 39. Kf3 {[%emt 0:00:30]} Rxa2 40. Rxh6+ {[%emt 0:00:30]} Ne6 41. g4 {[%emt 0:30:30]} Ra5 42. Ba7 {[%emt 0:00:30]} Rb5 43. Bb8+ {[%emt 0:00:30]} Ke7 44. Rh7+ {[%emt 0:00:30]} Kf6 45. Rd7 {[%emt 0:00:30]} a5 46. Ke2 {[%emt 0:00:30]} a4 47. Kd2 {[%emt 0:00:30]} a3 48. Kc2 {[%emt 0:00:30]} Nc5 49. Rd6+ {[%emt 0:00:30]} Kf7 50. Rd1 {[%emt 0:00:30]} Rb2+ 51. Kc3 {[%emt 0:00:30]} Ne4+ 52. Kd4 {[%emt 0:00:30]} Nd2 53. Be5 {[%emt 0:00:30]} Nf3+ 54. Ke4 {[%emt 0:00:30]} Nxe5 55. Kxe5 {[%emt 0:00:30]} a2 56. Ra1 {[%emt 0:00:30]} Rxh2 57. Kf5 {[%emt 0:00:30]} Rf2+ 58. Kxg5 {[%emt 0:00:30]} b5 59. Rc1 {[%emt 0:00:30]} b4 0-1

[Event "Fagernes Open 2021"]
[Site "Fagernes"]
[Date "2021.10.13"]
[Round "5.15"]
[White "Langvik, Ulrikke"]
[Black "Unhjem, Bjorn Robert Lovoll"]
[Result "0-1"]
[WhiteElo "1542"]
[BlackElo "1924"]
[Annotator "TA"]
[PlyCount "104"]
[EventDate "2021.10.10"]
[EventCountry "NOR"]
[SourceTitle "playchess.com"]
[Source "ChessBase"]
[SourceQuality "1"]

{[%evp 10,103,19,29,42,48,59,62,45,41,83,0,135,92,187,199,186,185,247,95,114,80,78,2,2,5,16,0,145,145,146,122,129,125,156,156,156,149,182,140,142,122,224,247,231,251,269,262,250,249,238,225,252,233,308,267,254,191,186,186,187,178,176,175,177,174,342,211,212,170,177,115,122,86,87,0,74,85,138,0,22,0,0,0,0,0,0,0,0,0,0,-29996,-29997,-29997,-29998,-29999]} 1. d4 Nf6 2. Nf3 g6 3. Nc3 Bg7 4. e4 O-O 5. Be3 d6 6. Qd2 d5 {B08: Pirc Defence: Classical System.} 7. e5 Ne4 8. Nxe4 dxe4 {White is slightly better.} 9. Ng5 Bf5 10. Bc4 (10. Rg1 $16) 10... e6 {[#]} (10... c5 $11) 11. h3 $146 ({Predecessor:} 11. Rg1 c5 12. g4 cxd4 13. Qxd4 Qxd4 14. Bxd4 Rd8 15. Bc3 Rc8 16. Bb3 Rxc3 17. bxc3 Bxe5 18. gxf5 Bxc3+ {1-0 (31) Nava Baro,E (2141)-Wood,B (982) IECG email 2003}) 11... h6 {[#]} (11... c5 $16) 12. Nxf7 $1 $18 {[%mdl 512]} Rxf7 13. g4 b5 (13... Qe7 $142 14. Rg1 (14. gxf5 Rxf5 15. Rg1 Kh7 $16) 14... Kh7) 14. Bb3 $2 (14. gxf5 bxc4 15. f6 Bxf6 $14) (14. Bxb5 $18 {and the rest is easy.} Kh7 15. gxf5 exf5 16. O-O-O) 14... c5 $16 15. dxc5 (15. gxf5 {keeps more tension.} c4 16. f6 Bxf6 17. exf6 cxb3 18. Rg1) 15... Qxd2+ 16. Bxd2 (16. Kxd2 $16 Rd7+ 17. Ke2) 16... e3 $1 $11 {[%cal Re3d2]} 17. gxf5 exd2+ 18. Kxd2 Bxe5 (18... Na6 $11) 19. fxe6 $16 Bf4+ ({Avoid the trap} 19... Rxf2+ $2 20. Ke3 $18) 20. Ke2 Re7 21. Kf3 $36 {[%mdl 2048] White is on the roll.} Be5 22. Bd5 Nc6 23. Bxc6 Rf8+ 24. Kg2 Bxb2 25. Rad1 {And now Rd7 would win.} Kg7 (25... Rc8 $16) 26. Bd7 Rf5 27. c6 $1 {[%cal Rc6c7]} ({Less strong is} 27. Bxb5 Rg5+ 28. Kf1 Rxc5 $14) 27... Rc5 28. Rb1 Be5 29. Rhe1 {Hoping for Rxe5!} Bc7 30. Rb2 Kf6 31. Re3 Rg7 32. Reb3 a6 33. Ra3 g5 34. Rxa6 g4 35. hxg4 Rxg4+ {[#]} 36. Kf1 $1 Bh2 {intending ...Re5.} 37. Ra3 {Rf3+ is the strong threat.} Rf5 (37... Ke7 {was necessary.} 38. Rh3 Rg1+ 39. Ke2 Be5) 38. Re3 ({Resist} 38. e7 Rg1+ 39. Ke2 Re5+ 40. Re3 Rxe3+ 41. fxe3 Kxe7 $18) 38... Ke7 39. Rbb3 {Strongly threatening Rh3.} Rgf4 {[#]} 40. f3 ({White should try} 40. Re2 $1 $18 Rg4 41. Ree3) 40... Rh4 41. Ke2 Bc7 42. Rb1 (42. f4 $16) 42... Rh2+ (42... Rc5 $11 {remains equal.}) 43. Kd3 Rd5+ (43... Rc5 $142) 44. Ke4 (44. Kc3 $16) 44... Rhd2 {[%csl Gd5][%cal Rd2d4]} 45. Rd3 Re5+ 46. Kd4 $1 Rxc2 {[%csl Gb5][%cal Rc2c4]} 47. Rdb3 Rc4+ 48. Kd3 Rd5+ 49. Ke2 Rc2+ 50. Kf1 $2 {[%mdl 8192]} (50. Ke3 $11) 50... Rh5 {[%cal Rh5h1] Black mates.} 51. Kg1 Bb6+ 52. Kf1 Rh1# {What a bad dream for White.  Weighted Error Value: White=0.40/Black=0.28} 0-1

[Event "Fagernes Open 2021"]
[Site "Fagernes"]
[Date "2021.10.13"]
[Round "5.16"]
[White "Stokhaug, Jon Arne"]
[Black "Carlin, Tormod"]
[Result "1/2-1/2"]
[WhiteElo "1861"]
[BlackElo "1554"]
[Annotator "NA"]
[PlyCount "106"]
[EventDate "2021.10.10"]
[EventCountry "NOR"]
[SourceTitle "playchess.com"]
[Source "ChessBase"]
[SourceQuality "1"]
[TimeControl "40/5400+30:1800+30"]

1. d4 {[%emt 0:00:00]} d5 {[%emt 0:00:00]} 2. Bf4 {[%emt 0:00:00]} Nf6 {[%emt 0:00:00]} 3. e3 {[%emt 0:00:00]} e6 {[%emt 0:00:00]} 4. Nd2 {[%emt 0:00:00]} c5 {[%emt 0:00:00]} 5. c3 {[%emt 0:00:00]} Nc6 {[%emt 0:00:00]} 6. Ngf3 {[%emt 0:00:00]} Bd6 {[%emt 0:00:00]} 7. Bg5 {[%emt 0:00:00]} b6 {[%emt 0:00:00]} 8. Bd3 {[%emt 0:00:00]} Bb7 {[%emt 0:00:00]} 9. O-O {[%emt 0:00:43]} Qc7 {[%emt 0:00:09]} 10. Bxf6 {[%emt 0:09:40]} gxf6 {[%emt 0:00:17]} 11. e4 {[%emt 0:00:05]} Ne7 {[%emt 0:04:25]} 12. Bb5+ {[%emt 0:05:31]} Bc6 {[%emt 0:02:26]} 13. Bxc6+ {[%emt 0:02:12]} Qxc6 {[%emt 0:00:06]} 14. Qe2 {[%emt 0:00:55]} Rg8 {[%emt 0:06:22]} 15. a4 {[%emt 0:02:15]} Bf4 {[%emt 0:10:16]} 16. a5 {[%emt 0:09:42]} Bxd2 {[%emt 0:04:48]} 17. Nxd2 {[%emt 0:01:38]} b5 {[%emt 0:07:14]} 18. dxc5 {[%emt 0:05:36]} Qxc5 {[%emt 0:02:05]} 19. Nb3 {[%emt 0:00:48]} Qc4 {[%emt 0:02:40]} 20. Qxc4 {[%emt 0:02:48]} dxc4 {[%emt 0:01:33]} 21. Nd4 {[%emt 0:00:44]} a6 {[%emt 0:00:27]} 22. g3 {[%emt 0:00:35]} e5 {[%emt 0:00:38]} 23. Nc2 {[%emt 0:00:15]} Nc6 {[%emt 0:01:36]} 24. Ne3 {[%emt 0:00:57]} Ne7 {[%emt 0:01:21]} 25. Rfd1 {[%emt 0:01:26]} Rd8 {[%emt 0:03:04]} 26. Kf1 {[%emt 0:00:23]} Rg6 {[%emt 0:02:21]} 27. Ke2 {[%emt 0:02:35]} f5 {[%emt 0:02:48]} 28. exf5 {[%emt 0:02:15]} Rgd6 {[%emt 0:00:17]} 29. Rxd6 {[%emt 0:04:12]} Rxd6 {[%emt 0:00:47]} 30. Rd1 {[%emt 0:01:06]} Kd7 {[%emt 0:05:02]} 31. Ng4 {[%emt 0:05:15]} Nc6 {[%emt 0:02:57]} 32. Nf6+ {[%emt 0:00:56]} Ke7 {[%emt 0:00:08]} 33. Nxh7 {[%emt 0:03:30]} Rxd1 {[%emt 0:00:13]} 34. Kxd1 {[%emt 0:00:13]} f6 {[%emt 0:00:47]} 35. g4 {[%emt 0:00:34]} Kf7 {[%emt 0:00:19]} 36. g5 {[%emt 0:00:15]} fxg5 {[%emt 0:00:21]} 37. Nxg5+ {[%emt 0:00:13]} Kf6 {[%emt 0:00:04]} 38. Ne4+ {[%emt 0:01:48]} Kxf5 {[%emt 0:01:30]} 39. Nc5 {[%emt 0:00:21]} Nxa5 {[%emt 0:00:58]} 40. Nxa6 {[%emt 0:00:31]} Nc6 {[%emt 0:00:09]} 41. Ke2 {[%emt 0:30:37]} e4 {[%emt 0:35:19]} 42. Ke3 {[%emt 0:05:17]} Ne5 {[%emt 0:00:31]} 43. Nc7 {[%emt 0:02:21]} Ng4+ {[%emt 0:01:51]} 44. Ke2 {[%emt 0:00:12]} Nxh2 {[%emt 0:01:00]} 45. Nxb5 {[%emt 0:00:08]} Ke5 {[%emt 0:00:10]} 46. Na3 {[%emt 0:04:07]} Kd5 {[%emt 0:00:41]} 47. Nb1 {[%emt 0:05:48]} Ng4 {[%emt 0:02:44]} 48. Nd2 {[%emt 0:00:10]} Ne5 {[%emt 0:01:22]} 49. Ke3 {[%emt 0:00:19]} Ng4+ {[%emt 0:00:25]} 50. Ke2 {[%emt 0:01:02]} Ne5 {[%emt 0:03:10]} 51. Ke3 {[%emt 0:04:53]} Ng4+ {[%emt 0:00:50]} 52. Ke2 {[%emt 0:01:52]} Ne5 {[%emt 0:00:31]} 53. Ke3 {[%emt 0:04:38]} Ng4+ {[%emt 0:00:18]} 1/2-1/2

[Event "Fagernes Open 2021"]
[Site "Fagernes"]
[Date "2021.10.13"]
[Round "5.17"]
[White "Shehzad, Alina"]
[Black "Andersen, Guttorm"]
[Result "1-0"]
[WhiteElo "1189"]
[BlackElo "1731"]
[Annotator "NA RC"]
[PlyCount "99"]
[EventDate "2021.10.10"]
[EventCountry "NOR"]
[SourceTitle "playchess.com"]
[Source "ChessBase"]
[SourceQuality "1"]
[TimeControl "40/5400+30:1800+30"]

1. e4 {[%emt 0:00:00]} e6 {[%emt 0:00:00]} 2. d4 {[%emt 0:00:00]} d5 {[%emt 0:00:00]} 3. e5 {[%emt 0:00:00]} c5 {[%emt 0:00:00]} 4. c3 {[%emt 0:00:00]} Nc6 {[%emt 0:00:00]} 5. Nf3 {[%emt 0:00:00]} Qb6 {[%emt 0:00:00]} 6. Be2 {[%emt 0:00:00]} Be7 {[%emt 0:00:00]} 7. O-O {[%emt 0:01:54]} f6 {[%emt 0:00:00]} 8. exf6 {[%emt 0:19:47]} Bxf6 {[%emt 0:02:16]} 9. dxc5 {[%emt 0:00:53]} Qxc5 {[%emt 0:00:06]} 10. Be3 {[%emt 0:00:36]} Qd6 {[%emt 0:01:11]} 11. Na3 {[%emt 0:03:18]} Nge7 {[%emt 0:07:04]} 12. Nb5 {[%emt 0:11:16]} Qd8 {[%emt 0:03:09]} 13. Ng5 {[%emt 0:10:54]} Nf5 {[%emt 0:08:31]} 14. Nf3 {[%emt 0:05:36]} Nxe3 {[%emt 0:02:20]} 15. fxe3 {[%emt 0:00:19]} Qb6 {[%emt 0:03:19]} 16. Nd6+ {[%emt 0:05:00]} Kd7 {[%emt 0:02:38]} 17. Nc4 {[%emt 0:06:56]} Qd8 {[%emt 0:04:45]} 18. e4 {[%emt 0:06:05]} Kc7 {[%emt 0:02:14]} 19. exd5 {[%emt 0:01:49]} exd5 {[%emt 0:02:17]} 20. Na3 {[%emt 0:01:48]} a6 {[%emt 0:04:38]} 21. Qd2 {[%emt 0:04:35]} d4 {[%emt 0:03:07]} 22. Qf4+ {[%emt 0:01:58]} Kb6 {[%emt 0:02:08]} 23. Rad1 {[%emt 0:02:04]} Qe7 {[%emt 0:00:42]} 24. Rfe1 {[%emt 0:01:25]} dxc3 {[%emt 0:02:03]} 25. Nc4+ {[%emt 0:01:31]} Ka7 {[%emt 0:00:34]} 26. Bd3 {[%emt 0:01:25]} Qc5+ {[%emt 0:00:40]} 27. Kh1 {[%emt 0:01:12]} Bd7 {[%emt 0:09:31]} 28. bxc3 {[%emt 0:04:11]} Bxc3 {[%emt 0:01:38]} 29. Re2 {[%emt 0:00:06]} Rhf8 {[%emt 0:03:07]} 30. Qg3 {[%emt 0:00:51]} Bf5 {[%emt 0:07:48]} 31. Bxf5 {[%emt 0:01:41]} Rxf5 {[%emt 0:00:58]} 32. Nd6 {[%emt 0:00:27]} Rd5 {[%emt 0:01:01]} 33. Rxd5 {[%emt 0:01:49]} Qxd5 {[%emt 0:00:04]} 34. Qf2+ {[%emt 0:01:13]} b6 {[%emt 0:01:18]} 35. Ne4 {[%emt 0:00:22]} Qd1+ {[%emt 0:00:47]} 36. Ne1 {[%emt 0:00:20]} Re8 {[%emt 0:06:00]} 37. Nxc3 {[%emt 0:02:12]} Qd7 {[%emt 0:04:04]} 38. Rxe8 {[%emt 0:01:00]} Qxe8 {[%emt 0:00:04]} 39. h3 {[%emt 0:01:36]} Qe5 {[%emt 0:00:53]} 40. Qd2 {[%emt 0:02:12]} b5 {[%emt 0:05:18]} 41. Nf3 {[%emt 0:30:36]} Qe7 {[%emt 0:38:20]} 42. Qf2+ {[%emt 0:01:00]} Kb7 {[%emt 0:00:34]} 43. Nd5 {[%emt 0:00:17]} Qd8 {[%emt 0:00:20]} 44. Nc3 {[%emt 0:00:24]} b4 {[%emt 0:06:08]} 45. Ne4 {[%emt 0:01:15]} Ka8 {[%emt 0:00:00]} 46. Qe2 {[%emt 0:00:00]} Qb6 {[%emt 0:00:00]} 47. Qc4 {[%emt 0:00:00]} Ka7 {[%emt 0:00:00]} 48. Nd6 {[%emt 0:00:00]} Ne7 {[%emt 0:00:00]} 49. Qe6 {[%emt 0:00:00]} Qc7 {[%emt 0:00:00]} 50. Qxe7 {[%emt 0:00:00]} 1-0